000 00437cam a2200193ua 4500
001 9132
008 160602n ii |||gr||||Z||||||eng
020 _a8174506500
040 _cMAIN
041 _aeng
082 _a821
100 _aUppal, Shveta.,
_eEditor.,
245 _aFlamingo
_cEdited by Shveta Uppal
250 _a1st.
260 _aGuwahati:
_bStudents,
_c2007.
300 _a106p.
653 _aEnglish poetry
942 _cBK
999 _c8204
_d8204